APL--an interactive approach
Αποθηκεύτηκε σε:
| Κύριος συγγραφέας: | |
|---|---|
| Άλλοι συγγραφείς: | |
| Μορφή: | Βιβλίο |
| Γλώσσα: | English |
| Δημοσίευση: |
New York :
Wiley,
c1976
|
| Έκδοση: | 3rd ed. |
| Θέματα: | |
| Ετικέτες: |
Προσθήκη ετικέτας
Δεν υπάρχουν, Καταχωρήστε ετικέτα πρώτοι!
|
MARC
| LEADER | 00000cam a2200000 i 4500 | ||
|---|---|---|---|
| 001 | 1/37310 | ||
| 008 | 950217s1976 eng d | ||
| 020 | |a 0471300225 | ||
| 035 | |l 10024652 | ||
| 040 | |a GR-MY-UA |b gre |e aacr | ||
| 041 | 0 | |a eng | |
| 082 | 0 | |a 001.6424 |2 (20) | |
| 100 | 1 | |a Gilman, Leonard |d 1930- | |
| 245 | 1 | 0 | |a APL--an interactive approach / |c Leonard Gilman, Allen J. Rose |
| 250 | |a 3rd ed. | ||
| 260 | |a New York : |b Wiley, |c c1976 | ||
| 300 | |a 378 σ.; |b εικ.; |c 28 εκ. | ||
| 500 | |a Published in 1970 under title: APL/360: an interactive approach | ||
| 504 | |a Περιλαμβάνει ευρετήριο | ||
| 650 | 0 | 0 | |a APL (Computer program language) |
| 700 | 1 | |a Rose, Allen J. | |
| 852 | |a INST |b CHIOS |e 19950217 |h 001.6424 GIL |p 005200006827 |q 005200006827 |t BK |y 0 | ||
| 852 | |a INST |b CHIOS |e 19950217 |h 001.6424 GIL |p 005200006828 |q 005200006828 |t BK |y 0 | ||
| 852 | |a INST |b CHIOS |e 19950217 |h 001.6424 GIL |p 005200006829 |q 005200006829 |t BK |y 0 | ||
| 852 | |a INST |b CHIOS |e 19950217 |h 001.6424 GIL |p 005200006830 |q 005200006830 |t BK |y 0 | ||
| 909 | |a Χ |b 002528 | ||
| 909 | |a Χ |b 002529 | ||
| 909 | |a Χ |b 002530 | ||
| 909 | |a Χ |b 002531 | ||